[Event "AUTO-ADV-372"]
[Site "http://www.queenalice.com/game.php?id=234768"]
[Date "2007.7.4"]
[Round "3"]
[White "pln"]
[Black "dimis283"]
[Result "1-0"]
[WhiteElo "2025"]
[BlackElo "2027"]

1. e4 e5 2. Nf3 Nc6 3. Bb5 a6 4. Ba4 Nf6 5. O-O Be7 6. Re1 b5 7. Bb3 d6 8. c3
O-O 9. h3 Bb7 10. d4 Re8 11. Nbd2 Bf8 12. a4 h6 13. Bc2 exd4 14. cxd4 Nb4 15.
Bb1 c5 16. d5 Nd7 17. Ra3 c4 18. Nd4 Qf6 19. N2f3 Nc5 20. axb5 axb5 21. Nxb5
Rxa3 22. Nxa3 Nbd3 23. Re3 Ba6 24. Bxd3 Nxd3 25. Qa4 Ra8 26. Bd2 Nc5 27. Qb4 Nd3
28. Qa4 Nc5 29. Qc2 Rb8 30. Bc3 Qd8 31. Nd4 Qb6 32. Nf5 Nd3 33. Rg3 g6 34. Qd2
Kh7 35. Bd4 Qb7 36. Ne3 Nxb2 37. Ng4 Nd3 38. Nf6+ Kh8 39. Nd7+ Kh7 40. Nxb8 Qxb8
41. Qa5 Qc8 42. Nc2 Nc5 43. Ra3 Bb7 44. Qb5 Nb3 45. Ra7 Ba8 46. Qd7 1-0

[Event "AUTO-ADV-372"]
[Site "http://www.queenalice.com/game.php?id=234769"]
[Date "2007.7.4"]
[Round "3"]
[White "dimis283"]
[Black "pln"]
[Result "1/2-1/2"]
[WhiteElo "2120"]
[BlackElo "1970"]

1. c4 Nf6 2. Nc3 g6 3. g3 Bg7 4. Bg2 O-O 5. Nf3 d6 6. d3 c6 7. O-O Qa5 8. Qd2
Qh5 9. Qg5 Qxg5 10. Bxg5 h6 11. Bd2 e5 12. b4 Be6 13. b5 Nbd7 14. Rab1 Rab8 15.
bxc6 bxc6 16. Rxb8 Rxb8 17. Rb1 Rxb1+ 18. Nxb1 e4 19. Nd4 exd3 20. exd3 Ne5 21.
Nxe6 fxe6 22. Nc3 c5 23. Ne4 Ne8 24. Bh3 Kf7 25. Bc3 Nf3+ 26. Kg2 Bxc3 1/2-1/2

[Event "AUTO-MASTER-370"]
[Site "http://www.queenalice.com/game.php?id=260388"]
[Date "2007.8.23"]
[Round "1"]
[White "pln"]
[Black "Macuei"]
[Result "0-1"]
[WhiteElo "2060"]
[BlackElo "2186"]

1. e4 e5 2. Nf3 Nc6 3. Bb5 Nf6 4. Qe2 a6 5. Ba4 b5 6. Bb3 Bc5 7. O-O d6 8. c3
O-O 9. Rd1 Ba7 10. h3 Qe7 11. d3 Bb7 12. Bg5 h6 13. Bh4 Nd8 14. Nbd2 Ne6 15. Nf1
Nf4 16. Qe1 a5 17. a3 a4 18. Ba2 Ng6 19. Bg3 Nh5 20. Bh2 Nhf4 21. Ne3 Rfe8 22.
Nf5 Qf6 23. Bg3 d5 24. Bxf4 Nxf4 25. Ng3 Nxh3+ 26. gxh3 Qxf3 0-1

[Event "AUTO-MASTER-370"]
[Site "http://www.queenalice.com/game.php?id=260389"]
[Date "2007.8.23"]
[Round "1"]
[White "Macuei"]
[Black "pln"]
[Result "1-0"]
[WhiteElo "2194"]
[BlackElo "2049"]

1. e4 e5 2. Nf3 Nf6 3. d4 exd4 4. Nxd4 Nxe4 5. Nd2 Nxd2 6. Bxd2 d5 7. Bf4 Be7 8.
Bd3 a6 9. O-O c5 10. Nf5 Bxf5 11. Bxf5 Nc6 12. Qd3 g6 13. Bh3 O-O 14. Rad1 d4
15. Qb3 b5 16. Qf3 Nb4 17. c3 Nd5 18. Be5 Re8 19. Bxd4 cxd4 20. Rxd4 Qa5 21.
Rxd5 Qxa2 22. Bd7 Red8 23. Re1 Bf8 24. Bc6 Rab8 25. Red1 Qa5 26. b4 Qc7 27. Rd7
1-0

[Event "AUTO-MASTER-370"]
[Site "http://www.queenalice.com/game.php?id=260390"]
[Date "2007.8.23"]
[Round "1"]
[White "pln"]
[Black "boffa"]
[Result "0-1"]
[WhiteElo "1978"]
[BlackElo "1980"]

1. e4 c5 2. Nc3 Nf6 3. e5 Ng8 4. g3 Nc6 5. f4 d5 6. exd6 exd6 7. Bg2 Nf6 8. Nf3
Qb6 9. O-O Be7 10. Kh1 O-O 0-1

[Event "AUTO-MASTER-370"]
[Site "http://www.queenalice.com/game.php?id=260392"]
[Date "2007.8.23"]
[Round "1"]
[White "pln"]
[Black "CCapivara"]
[Result "0-1"]
[WhiteElo "2040"]
[BlackElo "2077"]

1. e4 d6 2. d4 Nf6 3. Nc3 c6 4. f4 Bg4 5. Be2 h5 6. h3 Bxe2 7. Qxe2 h4 8. Nf3
Nbd7 9. O-O Nh5 10. Qf2 Ng3 11. Re1 e5 12. d5 Be7 13. Bd2 exf4 14. Bxf4 Qb6 15.
Qxb6 axb6 16. dxc6 bxc6 17. Rad1 b5 18. a3 Nb6 19. Bxd6 Nc4 20. Bxe7 Kxe7 21. b3
Nxa3 22. Rd2 Rad8 23. Nd4 Rxd4 24. Rxd4 Nxc2 25. Red1 Nxd4 26. Rxd4 Rd8 27. Rxd8
Kxd8 28. b4 Ke7 29. Kf2 Ke6 30. Kf3 Ke5 31. Ke3 g6 32. Kd3 Nh5 33. Ke3 Nf4 34.
Kf3 Nd3 35. Na2 Ne1+ 36. Kf2 Nc2 37. Kf3 f5 38. exf5 Kxf5 39. g3 g5 40. gxh4
gxh4 41. Ke2 Ke4 42. Kd2 Nd4 43. Nc3+ Kf3 44. Kd3 Ne6 45. Ne2 Nf4+ 46. Nxf4 Kxf4
0-1

[Event "AUTO-MASTER-370"]
[Site "http://www.queenalice.com/game.php?id=260393"]
[Date "2007.8.23"]
[Round "1"]
[White "CCapivara"]
[Black "pln"]
[Result "0-1"]
[WhiteElo "2114"]
[BlackElo "2039"]

1. e4 e5 2. Bc4 Nf6 3. d4 exd4 4. c3 Nc6 5. Bg5 Be7 6. cxd4 Nxe4 7. Bxe7 Qxe7 8.
Kf1 O-O 9. Nf3 d6 10. Nc3 Nxc3 11. bxc3 Bg4 12. h3 Bh5 13. g4 Bg6 14. Kg2 Rae8
15. Re1 Be4 16. Kg3 Qf6 17. Re3 d5 18. Bb3 Qd6+ 19. Kg2 f5 20. g5 f4 21. Re1 Qg6
22. h4 Qf5 23. Rxe4 Qxe4 24. Qd2 Qf5 25. Ne5 f3+ 26. Kg1 Rxe5 0-1

[Event "AUTO-MASTER-382"]
[Site "http://www.queenalice.com/game.php?id=271826"]
[Date "2007.9.14"]
[Round "1"]
[White "pln"]
[Black "Agronopoulus"]
[Result "0-1"]
[WhiteElo "1936"]
[BlackElo "1859"]

1. d4 Nf6 2. c4 g6 3. Nf3 Bg7 4. g3 O-O 5. Bg2 d6 6. O-O Nbd7 7. Nc3 c5 8. e3
Rb8 9. b3 b6 10. Bb2 Bb7 11. d5 a6 12. a4 Ne8 13. Qd2 Nc7 14. Ne1 Bc8 15. Nd3 b5
16. cxb5 axb5 17. a5 b4 18. Na4 Nb5 19. Bxg7 Kxg7 20. Nxb4 cxb4 21. Qxb4 Na7 22.
Qd4+ Kg8 23. Qxa7 Rb7 24. Qd4 Qxa5 0-1

[Event "AUTO-MASTER-382"]
[Site "http://www.queenalice.com/game.php?id=271827"]
[Date "2007.9.14"]
[Round "1"]
[White "Agronopoulus"]
[Black "pln"]
[Result "0-1"]
[WhiteElo "1866"]
[BlackElo "2041"]

1. e4 e5 2. Nf3 Nf6 3. d4 Nxe4 4. Bd3 d5 5. Nxe5 Nd7 6. Nxd7 Bxd7 7. O-O Bd6 8.
c4 c6 9. cxd5 cxd5 10. Qh5 O-O 11. Qxd5 Bc6 12. Qh5 g6 13. Qg4 Re8 14. Nc3 h5
15. Qh3 Bd7 16. Qf3 Bg4 17. Qe3 Nxc3 18. Qh6 Ne2+ 19. Kh1 Qh4 20. g3 Bf3# 0-1

[Event "AUTO-MASTER-382"]
[Site "http://www.queenalice.com/game.php?id=271828"]
[Date "2007.9.14"]
[Round "1"]
[White "pln"]
[Black "Nelson_Abe"]
[Result "0-1"]
[WhiteElo "2027"]
[BlackElo "1894"]

1. d4 d5 2. c4 c6 3. Nf3 Nf6 4. Nc3 e6 5. cxd5 exd5 6. Bg5 Be7 7. Qc2 O-O 8. e3
Bg4 9. Bd3 Nbd7 10. Nd2 h6 11. Bh4 Re8 12. h3 Be6 13. O-O-O b5 14. g4 Nb6 15. g5
hxg5 16. Bxg5 Nc4 17. Rdg1 Nxd2 18. Qxd2 b4 19. Na4 a5 20. f4 Rc8 21. Qg2 c5 22.
dxc5 Bxc5 23. Nxc5 Rxc5+ 24. Kb1 d4 25. e4 Bxa2+ 26. Kxa2 Qd7 27. Bxf6 Qa4+ 28.
Kb1 g6 29. Bc2 b3 30. Bxb3 Qxb3 31. f5 Qd3+ 32. Ka1 Rc4 0-1

[Event "AUTO-MASTER-382"]
[Site "http://www.queenalice.com/game.php?id=271829"]
[Date "2007.9.14"]
[Round "1"]
[White "Nelson_Abe"]
[Black "pln"]
[Result "1-0"]
[WhiteElo "1871"]
[BlackElo "2050"]

1. d4 d5 2. c4 dxc4 3. e4 e5 4. Nf3 exd4 5. Bxc4 Bb4+ 6. Bd2 Bxd2+ 7. Nbxd2 Nf6
8. O-O O-O 9. e5 Nfd7 10. Ne4 Nc6 11. e6 fxe6 12. Bxe6+ Kh8 13. Nfg5 Nde5 14.
Qh5 h6 15. Bxc8 Rxc8 16. f4 Kg8 17. Ne6 Qe8 18. Qh3 Nc4 19. Nxf8 Qxf8 20. f5 Re8
21. Qh4 Ne3 22. f6 Nxf1 23. Rxf1 Qf7 24. fxg7 Rxe4 25. Qxe4 Qxg7 26. Qe8+ 1-0

[Event "AUTO-MASTER-383"]
[Site "http://www.queenalice.com/game.php?id=273341"]
[Date "2007.9.18"]
[Round "1"]
[White "pln"]
[Black "Harir"]
[Result "0-1"]
[WhiteElo "1988"]
[BlackElo "2126"]

1. Nf3 d5 2. c4 e6 3. g3 Nf6 4. Bg2 Bc5 5. O-O O-O 6. d4 Be7 7. Qc2 Nc6 8. Nbd2
dxc4 9. Qxc4 Qd5 10. Qa4 Bd7 11. e4 Nxe4 12. Ne5 Nxe5 13. Bxe4 Bxa4 14. Bxd5
exd5 15. dxe5 d4 0-1

[Event "AUTO-MASTER-383"]
[Site "http://www.queenalice.com/game.php?id=273342"]
[Date "2007.9.18"]
[Round "1"]
[White "Harir"]
[Black "pln"]
[Result "1-0"]
[WhiteElo "2140"]
[BlackElo "1880"]

1. e4 e5 2. Nf3 Nf6 3. Nc3 Bb4 4. Bc4 d6 5. O-O O-O 6. a3 Bc5 7. b4 Bb6 8. d4
exd4 9. Nxd4 Nc6 10. Nxc6 bxc6 11. Bg5 Be6 12. Qd3 h6 13. Bxe6 fxe6 14. Bh4 Qe8
15. a4 e5 16. Ne2 a5 17. Qb3+ Qf7 18. Bxf6 1-0

[Event "AUTO-MASTER-383"]
[Site "http://www.queenalice.com/game.php?id=273343"]
[Date "2007.9.18"]
[Round "1"]
[White "pln"]
[Black "Panter"]
[Result "0-1"]
[WhiteElo "1962"]
[BlackElo "2222"]

1. Nf3 d5 2. b3 Nc6 3. Bb2 Bg4 4. e3 e5 5. h3 Bxf3 6. Qxf3 a6 7. c4 Nf6 8. Nc3
d4 9. Ne4 Nxe4 10. Qxe4 dxe3 11. O-O-O exd2+ 12. Rxd2 Qg5 13. h4 Qf6 14. Rh3 Bc5
15. Rf3 Qe7 16. Rd5 f6 17. a3 Bxa3 18. g4 Bxb2+ 19. Kxb2 Nd4 20. Rg3 c6 0-1

[Event "AUTO-MASTER-383"]
[Site "http://www.queenalice.com/game.php?id=273344"]
[Date "2007.9.18"]
[Round "1"]
[White "Panter"]
[Black "pln"]
[Result "1-0"]
[WhiteElo "2226"]
[BlackElo "1941"]

1. e4 Nf6 2. e5 Nd5 3. d4 d6 4. Bc4 Nb6 5. Bb3 dxe5 6. Qh5 e6 7. dxe5 Nc6 8. Nf3
g6 9. Qg4 Bg7 10. Bg5 Ne7 11. Nbd2 h6 12. Be3 O-O 13. O-O-O Qe8 14. Ne4 Nbd5 15.
Nf6+ Nxf6 16. exf6 Bxf6 17. Bxh6 Bg7 18. Bxg7 Kxg7 19. h4 Nd5 20. h5 Rh8 21.
Bxd5 exd5 22. Qd4+ f6 23. h6+ 1-0

[Event "AUTO-MASTER-383"]
[Site "http://www.queenalice.com/game.php?id=273345"]
[Date "2007.9.18"]
[Round "1"]
[White "pln"]
[Black "Ribar"]
[Result "0-1"]
[WhiteElo "1956"]
[BlackElo "1989"]

1. Nf3 d5 2. c4 dxc4 3. e3 c5 4. Bxc4 Nf6 5. O-O Nc6 6. Nc3 e5 7. d4 cxd4 8.
exd4 exd4 9. Re1+ Be7 10. Nb5 O-O 11. Bg5 h6 12. Bh4 Bg4 13. h3 Bxf3 14. Qxf3 a6
15. Na3 Qd6 16. Rad1 b5 17. Bb3 Rad8 18. Bg3 Qd7 19. Nc2 a5 20. a4 b4 21. Rd3
Bc5 22. Ne3 Rfe8 23. Red1 Ne5 24. Bxe5 Rxe5 25. Nc4 Rf5 26. Qe2 Re8 27. Qc2 Ne4
28. f3 Ng3 29. Nxa5 Ne2+ 30. Kf2 Qc7 31. Re1 Qg3+ 32. Kf1 Rfe5 33. Nc6 Re3 34.
Qxc5 Nf4 35. Rexe3 dxe3 36. Rxe3 Qxg2+ 37. Ke1 Nd3+ 0-1

[Event "AUTO-MASTER-383"]
[Site "http://www.queenalice.com/game.php?id=273346"]
[Date "2007.9.18"]
[Round "1"]
[White "Ribar"]
[Black "pln"]
[Result "1-0"]
[WhiteElo "1957"]
[BlackElo "2006"]

1. c4 e5 2. Nc3 Nc6 3. g3 d6 4. Bg2 f5 5. a3 Be6 6. d3 Nf6 7. Nf3 h6 8. e3 g5 9.
h4 g4 10. Nd2 Bg7 11. Ne2 O-O 12. Rb1 Nh5 13. Nf1 d5 14. c5 Qe7 15. b4 Rae8 16.
b5 Nd8 17. a4 f4 18. gxf4 exf4 19. exf4 Nxf4 20. Bxf4 Rxf4 21. Nxf4 Bf5+ 22. Kd2
Qxc5 23. Bxd5+ Kh8 24. Ne3 g3 25. Qc2 Qd4 26. Qc4 Qe5 27. Nxf5 Qxf5 28. fxg3 Qg4
29. Rbe1 Rf8 30. Rhg1 c6 31. Be4 1-0